00434nam a2200169Ia 4500008004100000100001800041245003800059245001700097260002400114260000900138300001100147440002400158650001500182650001400197650002700211650002600238190430s9999 xx 000 0 und d aFlores, Helen aMagnitude 5.7 quake jolts Vismin/ cHelen Flores bThe Philippine Star c2018 aMay 12 aThe Philippine Star aearthquake aGeography aMindanao (Philippines) aVisayas (Philippines)